| 000 | 00453nam a2200181Ia 4500 | ||
|---|---|---|---|
| 008 | 210719s2015 xx 000 0 und d | ||
| 020 | _a978B-B1-91361-1-4 | ||
| 041 | _akok | ||
| 082 | _a891.468 DANK | ||
| 100 | _aDANTAS (Ijidora) | ||
| 245 | _aKonkani chalchitram | ||
| 260 |
_aGoy _c2015 |
||
| 300 |
_aiv,308 _bHB |
||
| 365 |
_b600 _cRs |
||
| 650 | _aKonkani Miscellaneous | ||
| 650 | _aKonkani Miscellaneous | ||
| 906 | _achalchitram ; Konkani | ||
| 999 |
_c215767 _d215767 |
||